[Event "17th Asia-ch (w)"]
[Site "Manila PHI"]
[Date "2013.05.24"]
[Round "7.9"]
[White "San Diego, Marie Antoinette"]
[Black "Nguyen Thi Thanh An"]
[Result "1/2-1/2"]
[WhiteElo "1947"]
[BlackElo "2250"]
[EventDate "2013.05.18"]
[PlyCount "69"]

1.d4 Nf6 2.Nf3 e6 3.c4 Bb4+ 4.Nbd2 O-O 5.e3 b6 6.Bd3 Bb7 7.O-O Be7 8.b3 c5
9.Bb2 d6 10.Qe2 Nbd7 11.Rac1 Re8 12.Rfd1 Qc7 13.Bb1 Nf8 14.Nf1 Ng6 15.e4 
Rad8 16.d5 e5 17.g3 Bc8 18.Ne3 Bf8 19.a3 Nh8 20.Ne1 Nd7 21.N1g2 g6 22.Rf1 
Bg7 23.Rce1 Nf6 24.f3 Qe7 25.Bc3 Bd7 26.b4 Rc8 27.Qb2 Bh3 28.Rf2 Nd7 29.
Bc2 Bh6 30.Bd3 f6 31.f4 Nf7 32.f5 Bxg2 33.Kxg2 Bxe3 34.Rxe3 g5 35.Re1 
1/2-1/2

[Event "17th Asia-ch (w)"]
[Site "Manila PHI"]
[Date "2013.05.24"]
[Round "7.10"]
[White "Anggraeni, Nadia"]
[Black "Le Thanh Tu"]
[Result "1/2-1/2"]
[WhiteElo "1854"]
[BlackElo "2341"]
[EventDate "2013.05.18"]
[PlyCount "109"]

1.e4 e6 2.d4 d5 3.Nc3 Nf6 4.Bg5 Be7 5.e5 Nfd7 6.Bxe7 Qxe7 7.f4 a6 8.Nf3 c5
9.dxc5 Nxc5 10.Bd3 Nc6 11.Qd2 Nxd3+ 12.cxd3 Bd7 13.O-O O-O 14.d4 f5 15.
exf6 Rxf6 16.Rae1 Qd6 17.Ne5 Be8 18.a3 Rc8 19.Nd1 Bg6 20.Nf2 Ne7 21.Nfg4 
Rff8 22.Nxg6 Nxg6 23.Ne5 Ne7 24.Re3 Rc7 25.Rh3 Rfc8 26.Qd3 g6 27.Qg3 Qb6 
28.Qh4 Qxd4+ 29.Kh1 Nf5 30.Qf6 Ng7 31.Qh4 Nh5 32.Qg4 Kg7 33.Rxh5 Qe4 34.
Rh3 Rc2 35.Qf3 Qxf3 36.Rhxf3 Rxb2 37.h4 Rcc2 38.Nd3 Rb3 39.Ne5 Rbb2 40.Nd3
Rb3 41.Ne5 Rbb2 42.Rg3 Kf6 43.Kh2 b5 44.Rff3 a5 45.Rc3 Kf5 46.Rce3 d4 47.
Ref3 b4 48.Nd3 bxa3 49.Rg5+ Kf6 50.Nxb2 axb2 51.Rb5 a4 52.Ra3 h5 53.Rd3 
Rc3 54.Rxd4 a3 55.Ra4 1/2-1/2

[Event "17th Asia-ch (w)"]
[Site "Manila PHI"]
[Date "2013.05.24"]
[Round "7.11"]
[White "Kulkarni, Bhakti Pradip"]
[Black "Karenza, Dita"]
[Result "1/2-1/2"]
[WhiteElo "2244"]
[BlackElo "1821"]
[EventDate "2013.05.18"]
[PlyCount "90"]

1.e4 c5 2.Nf3 g6 3.d4 cxd4 4.Nxd4 Nc6 5.Nc3 Bg7 6.Be3 Nf6 7.Nxc6 bxc6 8.e5
Ng8 9.Bd4 Qa5 10.e6 Nf6 11.exf7+ Kxf7 12.f4 d5 13.Be2 Rd8 14.O-O c5 15.Be5
Ba6 16.Bxa6 Qxa6 17.f5 g5 18.Qf3 Qc4 19.Rad1 g4 20.Qe2 Qxe2 21.Nxe2 Nh5 
22.Bxg7 Kxg7 23.c3 Kf6 24.Nc1 Rd6 25.Nd3 Rc8 26.Rd2 Ng7 27.Rdf2 h5 28.g3 
a5 29.Kg2 c4 30.Nf4 d4 31.cxd4 Rxd4 32.Ne6 Nxe6 33.fxe6+ Kxe6 34.Re2+ Kd6 
35.Rfe1 Re8 36.Re6+ Kc5 37.R1e2 Red8 38.Rxe7 Rd2 39.Re5+ Kb4 40.Kf2 R8d5 
41.Re8 Rf5+ 42.Ke1 Rxe2+ 43.Kxe2 Rf3 44.Rb8+ Ka4 45.Rc8 Kb5 1/2-1/2

[Event "17th Asia-ch (w)"]
[Site "Manila PHI"]
[Date "2013.05.24"]
[Round "7.12"]
[White "Wang Doudou"]
[Black "Hoang Thi Bao Tram"]
[Result "1-0"]
[WhiteElo "2162"]
[BlackElo "2310"]
[EventDate "2013.05.18"]
[PlyCount "41"]

1.d4 d5 2.c4 c6 3.Nc3 Nf6 4.Nf3 g6 5.Bf4 dxc4 6.e3 b5 7.a4 Qb6 8.Be2 a6 9.
axb5 cxb5 10.O-O Bb7 11.b3 cxb3 12.Qxb3 Nbd7 13.Ne5 e6 14.Nxb5 Nd5 15.Nc4 
Qc6 16.Nbd6+ Bxd6 17.Nxd6+ Ke7 18.Qxb7 Qc2 19.Bb5 Rad8 20.Rxa6 Nxf4 21.
exf4 1-0

[Event "17th Asia-ch (w)"]
[Site "Manila PHI"]
[Date "2013.05.24"]
[Round "7.13"]
[White "Nakhbaeva, Guliskhan"]
[Black "Nguyen Thi Mai Hung"]
[Result "1/2-1/2"]
[WhiteElo "2379"]
[BlackElo "2284"]
[EventDate "2013.05.18"]
[PlyCount "80"]

1.d4 d5 2.c4 c6 3.Nf3 Nf6 4.e3 Bf5 5.Nc3 e6 6.Nh4 Bg4 7.f3 Bh5 8.g3 Nbd7 
9.Be2 Be7 10.O-O O-O 11.cxd5 cxd5 12.Ng2 Rc8 13.Nf4 Bg6 14.Nxg6 hxg6 15.f4
Ne4 16.Bd2 Ndf6 17.Bd3 a6 18.Be1 Nd6 19.Qf3 Nd7 20.g4 f5 21.g5 Ne4 22.Bxe4
dxe4 23.Qe2 Nb6 24.h4 Nd5 25.Kg2 Kf7 26.h5 Rh8 27.hxg6+ Kxg6 28.Nxd5 exd5 
29.Bg3 Qc7 30.Rad1 Qc4 31.Qxc4 Rxc4 32.Rc1 Rhc8 33.Rxc4 Rxc4 34.Be1 b6 35.
Bc3 a5 36.Ra1 b5 37.Rc1 Bb4 38.Kf2 Kf7 39.a3 Be7 40.Ke2 b4 1/2-1/2

[Event "17th Asia-ch (w)"]
[Site "Manila PHI"]
[Date "2013.05.24"]
[Round "7.14"]
[White "Aulia, Medina Warda"]
[Black "Jelsen Yemi"]
[Result "1-0"]
[WhiteElo "2320"]
[BlackElo "1997"]
[EventDate "2013.05.18"]
[PlyCount "73"]

1.e4 c5 2.Nf3 d6 3.d4 cxd4 4.Nxd4 Nf6 5.Nc3 a6 6.Be2 e6 7.a4 Nc6 8.Be3 Be7
9.O-O O-O 10.Qd2 Qc7 11.f4 Bd7 12.Kh1 Rfe8 13.Nb3 b6 14.Rae1 Bc8 15.Bd3 
Rb8 16.Nd4 Na5 17.e5 Ng4 18.exd6 Bxd6 19.Ndb5 axb5 20.Nxb5 Qc6 21.Nxd6 Rd8
22.Nxc8 Rbxc8 23.Bg1 Nf6 24.b3 Qd6 25.Rf3 Nb7 26.b4 Rc4 27.c3 Rdc8 28.Bd4 
R4c6 29.Rh3 Qe7 30.Qf2 h6 31.f5 Nd8 32.Bb5 R6c7 33.Qg3 Kh7 34.Bd3 Kh8 35.
Qf4 Kg8 36.Ba6 Ra8 37.Bxf6 1-0

[Event "17th Asia-ch (w)"]
[Site "Manila PHI"]
[Date "2013.05.24"]
[Round "7.15"]
[White "Citra, Dewi Andhiani Anastasia"]
[Black "Fronda, Jan Jodilyn"]
[Result "1/2-1/2"]
[WhiteElo "2155"]
[BlackElo "2028"]
[EventDate "2013.05.18"]
[PlyCount "51"]

1.e4 c5 2.Nf3 d6 3.d4 cxd4 4.Nxd4 Nf6 5.Nc3 g6 6.Be3 Bg7 7.f3 Nc6 8.Qd2 
O-O 9.O-O-O Nxd4 10.Bxd4 Be6 11.Kb1 Qc7 12.Nb5 Qc6 13.Be3 Rfc8 14.Nd4 Qa4 
15.Nxe6 fxe6 16.g4 Nd7 17.Be2 Rc6 18.h4 Rac8 19.c4 Ra6 20.b3 Qxb3+ 21.axb3
Ra1+ 22.Kc2 Ra2+ 23.Kb1 Ra1+ 24.Kc2 Ra2+ 25.Kb1 Ra1+ 26.Kc2 1/2-1/2

[Event "17th Asia-ch (w)"]
[Site "Manila PHI"]
[Date "2013.05.24"]
[Round "7.16"]
[White "Qiu Mengjie"]
[Black "Xu Huahua"]
[Result "1/2-1/2"]
[WhiteElo "2122"]
[BlackElo "2135"]
[EventDate "2013.05.18"]
[PlyCount "88"]

1.e4 c6 2.d4 d5 3.Nc3 dxe4 4.Nxe4 Bf5 5.Ng3 Bg6 6.h4 h6 7.Nf3 Nd7 8.h5 Bh7
9.Bd3 Bxd3 10.Qxd3 e6 11.Bd2 Ngf6 12.O-O-O Be7 13.Ne4 Nxe4 14.Qxe4 Nf6 15.
Qe2 Qd5 16.c4 Qe4 17.Qxe4 Nxe4 18.Be3 f5 19.Nd2 Nxd2 20.Kxd2 Rd8 21.Ke2 
Kf7 22.Rd3 Rd7 23.Rhd1 Bf6 24.Bf4 Rhd8 25.Be5 b5 26.b3 a5 27.f4 a4 28.Ke3 
bxc4 29.bxc4 Rb7 30.d5 exd5 31.cxd5 Bxe5 32.dxc6 Rxd3+ 33.Rxd3 Rc7 34.fxe5
Rxc6 35.Kf4 Rc2 36.Kxf5 Rf2+ 37.Ke4 Re2+ 38.Kf5 Rf2+ 39.Ke4 Re2+ 40.Kd5 
Rxa2 41.Kd6 Rb2 42.e6+ Ke8 43.Rc3 Rd2+ 44.Ke5 Re2+ 1/2-1/2

[Event "17th Asia-ch (w)"]
[Site "Manila PHI"]
[Date "2013.05.24"]
[Round "7.17"]
[White "Galas, Bernadette"]
[Black "Bernales, Christy Lamiel"]
[Result "0-1"]
[WhiteElo "2045"]
[BlackElo "2016"]
[EventDate "2013.05.18"]
[PlyCount "116"]

1.e4 e6 2.d4 d5 3.e5 c5 4.c3 Nc6 5.Nf3 Qb6 6.a3 c4 7.Nbd2 Na5 8.Be2 Bd7 9.
O-O Be7 10.Ne1 g6 11.h3 h5 12.g3 Nh6 13.Ng2 O-O-O 14.Rb1 Nf5 15.Bf3 Rdg8 
16.Re1 Nb3 17.Nxb3 Ba4 18.Qe2 Bxb3 19.Nf4 Ng7 20.h4 Qb5 21.Nh3 Qa4 22.Bg5 
Bxg5 23.Nxg5 Rf8 24.Rbc1 Qd7 25.Bg2 Nf5 26.Bh3 Kc7 27.Qd2 b5 28.Qf4 Kb7 
29.Qd2 a5 30.Ra1 Qe7 31.Kg2 Qc7 32.Bxf5 gxf5 33.Kh2 Qe7 34.Re2 Rfg8 35.Kg2
Rg7 36.Qe3 Rhg8 37.Qf3 Rxg5 38.hxg5 Qxg5 39.Kh1 h4 40.Qf4 Qh5 41.Qxh4 Qxe2
42.Qe7+ Ka8 43.Qc7 Qh5+ 44.Kg1 Qg5 45.Qxa5+ Kb7 46.Qxb5+ Kc7 47.Qa5+ Kd7 
48.Qb5+ Kc7 49.Qa5+ Kb7 50.Qb5+ Kc7 51.Qa5+ Kd7 52.Qb5+ Ke7 53.Qb4+ Ke8 
54.Qb8+ Qd8 55.Qb4 f4 56.Kg2 Bc2 57.f3 Rxg3+ 58.Kf2 Rg2+ 0-1

[Event "17th Asia-ch (w)"]
[Site "Manila PHI"]
[Date "2013.05.24"]
[Round "7.18"]
[White "Bayar Anu"]
[Black "Romero, Gladys Hazelle"]
[Result "1-0"]
[WhiteElo "2003"]
[BlackElo "1927"]
[EventDate "2013.05.18"]
[PlyCount "65"]

1.d4 Nf6 2.c4 g6 3.Nc3 Bg7 4.e4 d6 5.Nf3 O-O 6.Be2 e5 7.O-O Nc6 8.d5 Ne7 
9.Nd2 Ne8 10.b4 f5 11.c5 Nf6 12.a4 fxe4 13.Ndxe4 Nxe4 14.Nxe4 Kh8 15.Bc4 
Nf5 16.Bg5 Qd7 17.Qd3 Nd4 18.cxd6 cxd6 19.f4 exf4 20.Bxf4 Qg4 21.Bxd6 
Rxf1+ 22.Rxf1 Bf5 23.Rf4 Bxe4 24.Rxe4 Qd7 25.Bc5 Nf5 26.d6 Qxa4 27.d7 Bf6 
28.Bb5 Qa1+ 29.Qf1 Qxf1+ 30.Kxf1 Kg7 31.g4 Nh6 32.Re8 Rd8 33.Bf8+ 1-0

[Event "17th Asia-ch (w)"]
[Site "Manila PHI"]
[Date "2013.05.24"]
[Round "7.19"]
[White "Uuganbayar, Lkhamsuren"]
[Black "Docena, Jedara"]
[Result "1/2-1/2"]
[WhiteElo "2137"]
[BlackElo "2019"]
[EventDate "2013.05.18"]
[PlyCount "150"]

1.e4 c5 2.Nf3 Nc6 3.d4 cxd4 4.Nxd4 Nf6 5.Nc3 d6 6.Bg5 Qb6 7.Nb3 e6 8.Qd2 
Be7 9.f3 O-O 10.O-O-O Rd8 11.Nb5 Rd7 12.Be3 Qd8 13.N5d4 Nxd4 14.Nxd4 a6 
15.c4 d5 16.e5 Ne8 17.cxd5 Rxd5 18.f4 Bd7 19.Kb1 Bb5 20.g4 Bxf1 21.Rhxf1 
Nc7 22.Qe2 Qe8 23.Rc1 Qd7 24.Nb3 Nb5 25.Rc4 Nc7 26.Rfc1 Ne8 27.Nd2 Rd8 28.
Ne4 Rb5 29.Bc5 Bxc5 30.Nxc5 Qd5 31.Nb3 Qd7 32.Nc5 Qd5 33.Ne4 Qd7 34.Nc3 
Rb6 35.Rd1 Qe7 36.Rxd8 Qxd8 37.Qe3 Rc6 38.Rxc6 bxc6 39.Kc2 h6 40.Qc5 Qd7 
41.a4 Nc7 42.Qd6 Qc8 43.Qxc6 Qb8 44.a5 Qd8 45.Qd6 Qb8 46.b4 Qb7 47.Kb3 Nb5
48.Qd8+ Kh7 49.Qd3+ Kh8 50.Ne4 Qc6 51.Nd6 Nc7 52.g5 hxg5 53.fxg5 Qg2 54.g6
fxg6 55.Qc3 Qd5+ 56.Kb2 Nb5 57.Qc8+ Kh7 58.Nxb5 Qxb5 59.Kb3 Qd3+ 60.Qc3 
Qd5+ 61.Ka3 g5 62.Qc5 Qd3+ 63.Kb2 Kg6 64.Qd6 Qc4 65.Qd2 Qe4 66.Qd6 Qc4 67.
h3 Kh5 68.Qd1+ Kh6 69.Qg4 Qd5 70.Qe2 Qd4+ 71.Kb3 Qd5+ 72.Ka3 Qc6 73.Kb2 
Qb7 74.Kc3 Qc7+ 75.Kb3 Qc6 1/2-1/2

[Event "17th Asia-ch (w)"]
[Site "Manila PHI"]
[Date "2013.05.24"]
[Round "7.20"]
[White "Mendoza, Shania Mae"]
[Black "Sultana, Sharmin Shirin"]
[Result "1-0"]
[WhiteElo "1847"]
[BlackElo "2005"]
[EventDate "2013.05.18"]
[PlyCount "83"]

1.e4 c5 2.Nf3 e6 3.d4 cxd4 4.Nxd4 a6 5.c4 Nf6 6.Nc3 Qc7 7.Be2 Nc6 8.Nc2 b6
9.O-O Bb7 10.f4 d6 11.Be3 Be7 12.Rc1 O-O 13.b3 Rac8 14.Bf3 Rfd8 15.Qe1 Nd7
16.Nd4 Qb8 17.f5 Nxd4 18.Bxd4 Bf6 19.Bxf6 Nxf6 20.Qf2 Bc6 21.g4 Qb7 22.Qg2
Kh8 23.g5 Nd7 24.Qh3 exf5 25.exf5 Ne5 26.Bxc6 Qxc6 27.Nd5 Qc5+ 28.Kg2 Qd4 
29.Rcd1 Qe4+ 30.Kg1 b5 31.Rf4 Qc2 32.Ne3 Qe2 33.Rf2 Qxf2+ 34.Kxf2 bxc4 35.
bxc4 Nxc4 36.Nxc4 Rxc4 37.Qe3 Rcc8 38.Rd2 Re8 39.Qb3 Kg8 40.g6 hxg6 41.
fxg6 Re7 42.Qh3 1-0

[Event "17th Asia-ch (w)"]
[Site "Manila PHI"]
[Date "2013.05.25"]
[Round "8.1"]
[White "Tan Zhongyi"]
[Black "Pham Le Thao Nguyen"]
[Result "1-0"]
[WhiteElo "2483"]
[BlackElo "2399"]
[EventDate "2013.05.18"]
[PlyCount "107"]

1.Nf3 d5 2.c4 c6 3.d4 Nf6 4.Nc3 dxc4 5.a4 Bf5 6.Nh4 Bg4 7.h3 Bh5 8.g4 Bg6 
9.Nxg6 hxg6 10.e4 e5 11.Bxc4 exd4 12.e5 Bb4 13.exf6 dxc3 14.Qxd8+ Kxd8 15.
O-O gxf6 16.bxc3 Bc5 17.Kg2 Nd7 18.Bxf7 Ne5 19.Bb3 Kc7 20.Bf4 g5 21.Bg3 
Rad8 22.Rad1 Kb6 23.f4 Rxd1 24.Rxd1 gxf4 25.Bxf4 a5 26.Bxe5 fxe5 27.Bc2 
Be3 28.Rd7 Kc5 29.Rxb7 Kc4 30.Bh7 Bg5 31.Kg3 Bf6 32.Kf3 Bg5 33.Ke4 Rf8 34.
Kxe5 Kxc3 35.Bf5 c5 36.Rh7 Be3 37.h4 Bd4+ 38.Ke6 Rf6+ 39.Kd5 Kb4 40.Be6 
Rf4 41.g5 c4 42.Rc7 Bb2 43.g6 Bf6 44.h5 c3 45.Bf7 Rh4 46.Kd6 Bg7 47.Bd5 
Bf8+ 48.Ke6 Rxh5 49.Rc4+ Ka3 50.Rxc3+ Kxa4 51.Rc8 Rg5 52.Be4 Ba3 53.Rb8 
Bc5 54.Bc2+ 1-0

[Event "17th Asia-ch (w)"]
[Site "Manila PHI"]
[Date "2013.05.25"]
[Round "8.2"]
[White "Wang Jue"]
[Black "Huang Qian"]
[Result "0-1"]
[WhiteElo "2401"]
[BlackElo "2469"]
[EventDate "2013.05.18"]
[PlyCount "128"]

1.e4 d6 2.d4 e5 3.Nf3 exd4 4.Nxd4 Nf6 5.Nc3 Be7 6.g3 d5 7.e5 Ng4 8.Bg2 c6 
9.Bf4 g5 10.e6 h5 11.exf7+ Kf8 12.Bc1 Qd6 13.h3 Ne5 14.O-O Nxf7 15.f4 g4 
16.f5 Qxg3 17.Nce2 Qd6 18.Nf4 Ne5 19.Nfe6+ Kf7 20.Bf4 Bf6 21.c4 dxc4 22.
Qe2 Nbd7 23.Rad1 Qe7 24.h4 Nd3 25.Be3 Bxh4 26.b3 Bf6 27.bxc4 N3e5 28.Bf4 
h4 29.c5 Kg8 30.Nb3 h3 31.Bh1 h2+ 32.Kf2 Qh7 33.Be4 Qh3 34.Qe3 Qxe3+ 35.
Kxe3 Rh3+ 36.Kf2 a5 37.Nc7 Ra7 38.Ne8 a4 39.Nd4 Kf8 40.Nxf6 Nxf6 41.Bc2 
Nf3 42.Nxf3 Rxf3+ 43.Kg2 Rxf1 44.Rxf1 Nd5 45.Bd6+ Kf7 46.Re1 Ra5 47.Kxh2 
Rb5 48.Kg3 Rb2 49.Bxa4 Rxa2 50.Bb3 Ra3 51.Re3 Kf6 52.Be5+ Kg5 53.f6 Be6 
54.Kf2 Nxe3 55.Bxe6 g3+ 56.Ke2 g2 57.Kf2 Ng4+ 58.Bxg4 Kxg4 59.Kxg2 Rf3 60.
Bd4 Rf4 61.Be5 Rf5 62.Bd4 Kg5 63.Kg3 Kg6 64.Kg4 Rd5 0-1

[Event "17th Asia-ch (w)"]
[Site "Manila PHI"]
[Date "2013.05.25"]
[Round "8.3"]
[White "Mongontuul, Batchujagijn"]
[Black "Guo Qi"]
[Result "1-0"]
[WhiteElo "2442"]
[BlackElo "2439"]
[EventDate "2013.05.18"]
[PlyCount "115"]

1.e4 e6 2.d4 d5 3.Nc3 Nf6 4.e5 Nfd7 5.f4 c5 6.Nf3 Nc6 7.Be3 Qb6 8.Na4 Qa5+
9.c3 b6 10.Bd2 c4 11.b4 Qa6 12.Nb2 Qa3 13.Qc2 b5 14.Nd1 a5 15.Bc1 Qa4 16.
Qxa4 bxa4 17.a3 Na7 18.Be2 Nb5 19.Bd2 Nb6 20.O-O Be7 21.Ne3 f5 22.exf6 
Bxf6 23.Rfb1 O-O 24.Ne5 Bxe5 25.fxe5 Bd7 26.Bg4 Rfd8 27.g3 Ra6 28.Ng2 Na8 
29.Nf4 Nac7 30.bxa5 Rxa5 31.Rb4 Re8 32.Kf2 Na6 33.Rbb1 Nbc7 34.Rb6 Rb5 35.
Rxb5 Bxb5 36.Rb1 Kf7 37.Ke2 Nb8 38.Nh3 Nc6 39.Ng5+ Kg8 40.Be3 Nd8 41.Kd2 
Re7 42.h4 h6 43.Nh3 Kf7 44.Nf4 Ke8 45.Rb2 Bc6 46.Rb8 Kd7 47.Nh5 Rf7 48.Bd1
Nb5 49.Bxa4 Nxd4 50.Bxd4 Bxa4 51.Bb6 Nc6 52.Rb7+ Ke8 53.Nxg7+ Kf8 54.Nxe6+
Kg8 55.Rxf7 Kxf7 56.Nc5 Bb3 57.Bc7 d4 58.a4 1-0

[Event "17th Asia-ch (w)"]
[Site "Manila PHI"]
[Date "2013.05.25"]
[Round "8.4"]
[White "Gomes, Mary Ann"]
[Black "Zhai Mo"]
[Result "1/2-1/2"]
[WhiteElo "2387"]
[BlackElo "2259"]
[EventDate "2013.05.18"]
[PlyCount "127"]

1.Nf3 Nf6 2.g3 e6 3.Bg2 d5 4.b3 c5 5.Bb2 Nc6 6.O-O Be7 7.d4 O-O 8.e3 b6 9.
c4 Ba6 10.Na3 cxd4 11.exd4 Rc8 12.Ne5 Ne4 13.f3 Nxe5 14.fxe4 dxc4 15.bxc4 
Nxc4 16.Nxc4 Bxc4 17.Rf2 Qd7 18.Kh1 f5 19.exf5 exf5 20.Qf3 Rcd8 21.Rc2 b5 
22.a4 a6 23.axb5 axb5 24.Re1 Bb4 25.Re5 Bd6 26.Re1 f4 27.gxf4 Rxf4 28.Qc6 
Qxc6 29.Bxc6 Rdf8 30.Bg2 Rf2 31.Rec1 Bd3 32.Bd5+ Kh8 33.Rxf2 Rxf2 34.Rc8+ 
Rf8 35.Rxf8+ Bxf8 36.Be6 Bd6 37.h3 h5 38.Kg2 Kh7 39.Bd7 Kg6 40.Be8+ Kf5 
41.Bxh5 g6 42.Bd1 Kf4 43.h4 Ke3 44.h5 gxh5 45.Bxh5 Kd2 46.d5 Kc2 47.Bf6 b4
48.Kf3 b3 49.Be8 b2 50.Bxb2 Kxb2 51.Kg4 Be4 52.Bb5 Bxd5 53.Be2 Kc3 54.Bf3 
Be6+ 55.Kg5 Kd4 56.Kf6 Bc4 57.Kf5 Be5 58.Bg2 Bd3+ 59.Ke6 Bh7 60.Kd7 Bf5+ 
61.Kc6 Be6 62.Kb7 Kc5 63.Ka8 Kd4 64.Bh1 1/2-1/2

[Event "17th Asia-ch (w)"]
[Site "Manila PHI"]
[Date "2013.05.25"]
[Round "8.5"]
[White "Soumya, Swaminathan"]
[Black "Ni Shiqun"]
[Result "1/2-1/2"]
[WhiteElo "2300"]
[BlackElo "2213"]
[EventDate "2013.05.18"]
[PlyCount "81"]

1.e4 e5 2.Nf3 Nf6 3.Nxe5 d6 4.Nf3 Nxe4 5.d4 d5 6.Bd3 Nc6 7.O-O Be7 8.c4 
Nb4 9.Be2 O-O 10.Nc3 Bf5 11.a3 Nxc3 12.bxc3 Nc6 13.Re1 Re8 14.cxd5 Qxd5 
15.Bf4 Rac8 16.h3 h6 17.Nd2 Na5 18.Nf1 Qb3 19.Qd2 Nc4 20.Bxc4 Qxc4 21.Ne3 
Qb5 22.c4 Qd7 23.Rad1 b6 24.Qc3 Bd6 25.Bxd6 cxd6 26.Qb4 Be4 27.a4 Qc7 28.
f3 Bg6 29.Nd5 Qd7 30.a5 bxa5 31.Qxa5 Rxc4 32.Rxe8+ Qxe8 33.Re1 Qb8 34.Ne7+
Kh7 35.Nxg6 fxg6 36.Qd5 Rc2 37.Re6 Qb2 38.Rxg6 Kxg6 39.Qe6+ Kh7 40.Qe4+ 
Kg8 41.Qe8+ 1/2-1/2

[Event "17th Asia-ch (w)"]
[Site "Manila PHI"]
[Date "2013.05.25"]
[Round "8.6"]
[White "Nguyen Thi Thanh An"]
[Black "Muminova, Nafisa"]
[Result "1/2-1/2"]
[WhiteElo "2250"]
[BlackElo "2307"]
[EventDate "2013.05.18"]
[PlyCount "52"]

1.d4 Nf6 2.c4 e6 3.a3 d5 4.Nf3 Be7 5.Bf4 O-O 6.e3 Nbd7 7.c5 c6 8.Nbd2 b6 
9.b4 Bb7 10.Bd3 Qc8 11.O-O a5 12.Qe2 Ba6 13.Rfc1 Bxd3 14.Qxd3 Qb7 15.h3 
Rfc8 16.Rcb1 axb4 17.axb4 Bd8 18.Qc3 b5 19.Rb3 Ra4 20.Rba3 Rca8 21.Nb1 Ne4
22.Qb3 Qa6 23.Qd3 Qb7 24.Qb3 Qa7 25.Qd3 Qb7 26.Qb3 Qa7 1/2-1/2

[Event "17th Asia-ch (w)"]
[Site "Manila PHI"]
[Date "2013.05.25"]
[Round "8.7"]
[White "Sihite, Chelsie Monica"]
[Black "San Diego, Marie Antoinette"]
[Result "1-0"]
[WhiteElo "2290"]
[BlackElo "1947"]
[EventDate "2013.05.18"]
[PlyCount "57"]

1.e4 c5 2.Nf3 d6 3.d4 cxd4 4.Nxd4 Nf6 5.Nc3 a6 6.f3 e6 7.Be3 b5 8.Qd2 Bb7 
9.g4 Be7 10.g5 Nfd7 11.a4 b4 12.Nce2 d5 13.exd5 Bxd5 14.Nf4 Ne5 15.Nxd5 
Qxd5 16.f4 Nc4 17.Bxc4 Qxc4 18.Qg2 Ra7 19.O-O-O Rd7 20.Kb1 O-O 21.f5 exf5 
22.Nxf5 Qe6 23.Rxd7 Nxd7 24.Rf1 Bc5 25.Bxc5 Nxc5 26.Qf2 Nxa4 27.Qd4 f6 28.
gxf6 Qxf6 29.Nh6+ 1-0

[Event "17th Asia-ch (w)"]
[Site "Manila PHI"]
[Date "2013.05.25"]
[Round "8.8"]
[White "Lei Tingjie"]
[Black "Wang Doudou"]
[Result "1/2-1/2"]
[WhiteElo "2232"]
[BlackElo "2162"]
[EventDate "2013.05.18"]
[PlyCount "106"]

1.Nf3 Nf6 2.g3 g6 3.Bg2 Bg7 4.O-O O-O 5.c4 d6 6.Nc3 e5 7.d3 Nc6 8.Rb1 h6 
9.b4 a6 10.a4 Be6 11.b5 axb5 12.axb5 Ne7 13.Bb2 b6 14.d4 exd4 15.Nxd4 Rb8 
16.Nxe6 fxe6 17.Bh3 e5 18.Qd3 Nd7 19.Nd5 Nxd5 20.Qxd5+ Kh7 21.Bg2 Nc5 22.
Ba3 Qe7 23.Bb4 Qf7 24.Qxf7 Rxf7 25.Bd5 Re7 26.Bxc5 bxc5 27.Be4 Bf8 28.Ra1 
Bg7 29.h4 h5 30.g4 hxg4 31.h5 Kh6 32.hxg6 d5 33.Bxd5 Kxg6 34.Ra6+ Rb6 35.
Rfa1 Rf6 36.Rxf6+ Bxf6 37.Ra6 e4 38.e3 Kf5 39.Rc6 Rg7 40.Rxc5 g3 41.fxg3 
Rxg3+ 42.Kf2 Bh4 43.Ke2 Bg5 44.Bb7+ Kf6 45.Rxc7 Rxe3+ 46.Kf2 Ke5 47.Rc8 
Kd4 48.Bd5 Rb3 49.Re8 Rb2+ 50.Kg3 e3 51.Kg4 Bf6 52.Bf3 Kxc4 53.Rxe3 Kxb5 
1/2-1/2

[Event "17th Asia-ch (w)"]
[Site "Manila PHI"]
[Date "2013.05.25"]
[Round "8.9"]
[White "Le Thanh Tu"]
[Black "Frayna, Janelle Mae"]
[Result "0-1"]
[WhiteElo "2341"]
[BlackElo "2050"]
[EventDate "2013.05.18"]
[PlyCount "116"]

1.c4 g6 2.Nc3 Nf6 3.e4 e5 4.Nf3 Nc6 5.d4 exd4 6.Nxd4 Bg7 7.Be3 Ng4 8.Qxg4 
Nxd4 9.Qd1 Nc6 10.Be2 O-O 11.O-O d6 12.Qd2 Be6 13.Rad1 Ne5 14.b3 Qd7 15.
Bd4 Rad8 16.f4 c5 17.Bf2 Ng4 18.Bxg4 Bxg4 19.Rde1 Be6 20.Kh1 f5 21.e5 dxe5
22.Qxd7 Rxd7 23.Bxc5 Rc8 24.Bxa7 e4 25.Nb5 Rd2 26.Rf2 Rcd8 27.Kg1 R8d3 28.
Be3 Rd1 29.Rxd1 Rxd1+ 30.Rf1 Rd3 31.Kf2 Bd7 32.Nc7 Bc6 33.Ne6 Bf6 34.Ke2 
Kf7 35.Nc5 Rd8 36.Rd1 Ra8 37.a4 Ke7 38.b4 Bxa4 39.Rb1 Bc2 40.Rc1 Ra2 41.
Kf1 b6 42.Nb7 Bd3+ 43.Kg1 Bb2 44.Rd1 Kd7 45.c5 Kc7 46.Nd6 bxc5 47.Bxc5 Bc3
48.Nf7 Bd2 49.Ne5 Be2 50.Rb1 Bxf4 51.Bd4 Kd6 52.Nf7+ Kd5 53.Bc3 Bd3 54.Re1
Ra7 55.g3 Kc4 56.gxf4 Kxc3 57.Ne5 Kd2 58.Nxd3 exd3 0-1

[Event "17th Asia-ch (w)"]
[Site "Manila PHI"]
[Date "2013.05.25"]
[Round "8.10"]
[White "Karenza, Dita"]
[Black "Aulia, Medina Warda"]
[Result "0-1"]
[WhiteElo "1821"]
[BlackElo "2320"]
[EventDate "2013.05.18"]
[PlyCount "76"]

1.e4 e6 2.d4 d5 3.Nd2 Nc6 4.c3 e5 5.Ngf3 exd4 6.cxd4 dxe4 7.Nxe4 Qe7 8.Qe2
Bg4 9.Nc3 Bxf3 10.Qxe7+ Bxe7 11.gxf3 Nxd4 12.Bd3 Nxf3+ 13.Kf1 O-O-O 14.
Bf5+ Kb8 15.Be3 Nd4 16.Bh3 Nc2 17.Rc1 Nxe3+ 18.fxe3 Nf6 19.Ke2 Rhe8 20.Nb5
c6 21.Nd4 Nd5 22.Bg2 Bg5 23.Bxd5 Rxd5 24.Nc2 Rde5 25.Rcf1 f5 26.Rf3 f4 27.
h4 Bh6 28.Rd1 R8e7 29.Rd3 Kc7 30.Rc3 fxe3 31.Nd4 g6 32.a4 a6 33.b4 Re4 34.
Rc4 Bg7 35.Nb5+ axb5 36.Rxe4 Rxe4 37.Rf7+ Kb8 38.Rxg7 bxa4 0-1

[Event "17th Asia-ch (w)"]
[Site "Manila PHI"]
[Date "2013.05.25"]
[Round "8.11"]
[White "Hoang Thi Nhu Y"]
[Black "Kulkarni, Bhakti Pradip"]
[Result "0-1"]
[WhiteElo "2222"]
[BlackElo "2244"]
[EventDate "2013.05.18"]
[PlyCount "70"]

1.d4 Nf6 2.c4 g6 3.Nc3 Bg7 4.e4 d6 5.f3 O-O 6.Be3 Nfd7 7.Qd2 c5 8.d5 Ne5 
9.Bh6 Nbd7 10.h4 Nf6 11.h5 Nxh5 12.g4 Nf6 13.Be2 Bxh6 14.Qxh6 Kh8 15.f4 
Nexg4 16.Qg5 h5 17.f5 Nh7 18.Qf4 Ngf6 19.Nf3 Rg8 20.Ng5 Qf8 21.O-O-O Nxg5 
22.Qxg5 Kh7 23.fxg6+ Rxg6 24.Qh4 Qh6+ 25.Kb1 Bg4 26.Qf2 Rag8 27.e5 dxe5 
28.Qxc5 Ne4 29.Nxe4 Bxe2 30.Rde1 Bf3 31.Rhf1 Bxe4+ 32.Rxe4 Rf6 33.Rfe1 Qd2
34.Qxe7 Qd3+ 35.Ka1 Qxe4 0-1

[Event "17th Asia-ch (w)"]
[Site "Manila PHI"]
[Date "2013.05.25"]
[Round "8.12"]
[White "Nguyen Thi Mai Hung"]
[Black "Anggraeni, Nadia"]
[Result "1-0"]
[WhiteElo "2284"]
[BlackElo "1854"]
[EventDate "2013.05.18"]
[PlyCount "87"]

1.d4 d5 2.Bf4 Nf6 3.e3 c6 4.Bd3 Qb6 5.b3 a5 6.Nd2 e6 7.Ngf3 Bb4 8.c4 c5 9.
O-O Na6 10.Qc2 Ba3 11.Rad1 Nb4 12.Qc3 Nc6 13.Bb1 Bd7 14.h3 h6 15.dxc5 Qxc5
16.Ne5 Nxe5 17.Bxe5 Bb4 18.Qb2 Qe7 19.e4 dxc4 20.Nxc4 Ra6 21.Rd3 b5 22.Ne3
Bc6 23.Ng4 Nxe4 24.Bxg7 Rg8 25.g3 f5 26.Bf6 Nxf6 27.Nxf6+ Kf7 28.Nxg8 Kxg8
29.Qe5 Ba8 30.Rfd1 Ra7 31.Rd8+ Kf7 32.Bxf5 exf5 33.Qxf5+ Qf6 34.Qh7+ Ke6 
35.Qxa7 Bc6 36.Qe3+ Kf7 37.Qf4 Qxf4 38.gxf4 Bf3 39.Rc1 Kf6 40.Kh2 Ke7 41.
Rd3 Bh5 42.Kg3 Bg6 43.Rd5 Be8 44.Re5+ 1-0

[Event "17th Asia-ch (w)"]
[Site "Manila PHI"]
[Date "2013.05.25"]
[Round "8.13"]
[White "Bernales, Christy Lamiel"]
[Black "Nakhbaeva, Guliskhan"]
[Result "1/2-1/2"]
[WhiteElo "2016"]
[BlackElo "2379"]
[EventDate "2013.05.18"]
[PlyCount "122"]

1.e4 c6 2.d3 d5 3.Nd2 g6 4.Ngf3 Bg7 5.g3 e5 6.Bg2 Ne7 7.O-O O-O 8.Re1 d4 
9.Qe2 c5 10.a4 Nbc6 11.Nc4 Rb8 12.Bd2 b6 13.h3 a6 14.b3 h6 15.Nh2 b5 16.
axb5 axb5 17.Na5 Nb4 18.Bxb4 cxb4 19.Qd2 Qd6 20.f4 f6 21.Rf1 Bd7 22.Ng4 
Bxg4 23.hxg4 Rfc8 24.fxe5 fxe5 25.g5 h5 26.Bh3 Rf8 27.Rxf8+ Bxf8 28.Rf1 
Bg7 29.Qf2 Rf8 30.Qd2 Ra8 31.Nb7 Qb6 32.Qxb4 Qxb7 33.Be6+ Kh7 34.Rf7 Ra1+ 
35.Kg2 Ra7 36.Kh3 Qc7 37.Qxb5 Qd6 38.Bc4 Qd7+ 39.Qxd7 Rxd7 40.b4 Ra7 41.g4
Nc6 42.gxh5 gxh5 43.b5 Rxf7 44.Bxf7 Nb4 45.b6 Bf8 46.b7 Bd6 47.Bb3 Kg6 48.
Kh4 Nc6 49.Be6 Na5 50.Bf5+ Kg7 51.Bc8 Nc6 52.Bd7 Ne7 53.Kxh5 Ng6 54.Kg4 
Kf7 55.Kh5 Kg7 56.Kg4 Nf4 57.Kf5 Bb8 58.Ba4 Kf7 59.Bb3+ Kg7 60.Ba4 Kf7 61.
Bb3+ Kg7 1/2-1/2

[Event "17th Asia-ch (w)"]
[Site "Manila PHI"]
[Date "2013.05.25"]
[Round "8.14"]
[White "Bayar Anu"]
[Black "Citra, Dewi Andhiani Anastasia"]
[Result "1/2-1/2"]
[WhiteElo "2003"]
[BlackElo "2155"]
[EventDate "2013.05.18"]
[PlyCount "59"]

1.d4 c5 2.d5 d6 3.c4 e5 4.dxe6 fxe6 5.Nc3 Nf6 6.g3 Be7 7.Bg2 O-O 8.e4 e5 
9.Nge2 Be6 10.Nd5 Nxd5 11.exd5 Bg4 12.Qd3 Nd7 13.O-O Bg5 14.Bxg5 Qxg5 15.
Nc3 Qh5 16.f3 Bf5 17.Qe3 Qg6 18.Rad1 h5 19.Ne4 h4 20.Ng5 Qh6 21.Rfe1 hxg3 
22.hxg3 Nf6 23.Nh3 Qxe3+ 24.Rxe3 Nh7 25.Nf2 Rad8 26.Bh3 Ng5 27.Bxf5 Rxf5 
28.Kg2 Rdf8 29.Rdd3 b6 30.Ne4 1/2-1/2